000 02349nam a22002057a 4500
005 20250813175519.0
008 240321b ||||| |||| 00| 0 eng d
020 _a9789819908936
040 _cAL
041 _aEnglish
082 _a320.9
_bFELD
100 _aOfer Feldman
_9156055
245 _aDebasing political rhetoric
_b: dissing opponents journalists and minorities in populist leadership communication
260 _aSingapore
_bSpringer
_c2023
300 _axii,237p.
_bHB
_c24.3x16cm.
365 _2General
_a8632
_b₹8751.00
_c
_d₹11219.07
_e22%
_f09-03-2024
520 _aThis book is a companion to Political Debasement: Incivility, Contempt, and Humiliation in Parliamentary and Public Discourse. It brings together interdisciplinary contributions to provide a comprehensive and detailed exploration of the nature, function, and effect of debasement language used by selected political leaders in Western and non-Western countries. Among them are Donald Trump (in the USA), Recep Tayyip Erdoğan (Turkey), Rodrigo Roa Duterte (Philippines), Jair Bolsonaro (Brazil), Abe Shinzô (Japan), Pauline Hanson (Australia), Kyriakos Mitsotakis (Greece), Geert Wilders (the Netherlands), Beppe Grillo (Italy), and Santiago Abascal (Spain). Chapters focus specifically on the language of these leaders while examining debasement discourse from narrow and broad perspectives. The former includes the use of crude or abusive language (e.g., curses, obscenity, and swearing) to demean, humiliate, mock, insult, or belittle, based on the actual or perceived object or entity (e.g., race, religion, national, gender identity, or sexual orientation); the latter includes the use of devious or indirect irony, sarcasm, cynicism, ridicule, subtlety, and understatement to degrade and discredit other individuals or groups. The book represents the collective wisdom of scholars and researchers, experts in fields such as communication, political science, international relations, and social and political psychology. Cumulatively, the authors develop a global analysis of debasement discourse in societies from West to East and offer a cutting-edge approach to expand a framework assessing the role and effect of such rhetoric in contemporary politics.
650 _2Political Science
_aPolitical Situations and Conditions
_9156056
942 _2ddc
_cBK
999 _c230599
_d230599